000 00801cam a2200289 i 4500
001 768714001
003 CO-MdBIC
005 20231122121654.0
007 ta
008 231122t1972 -us||||| |||| 00| 0 eng d
040 _bspa.
_aCO-MdFUSB
_cCO-MdFUSB
_dCO-MdFUSBC
_erda
041 _aeng
082 0 4 _aG 230.0904 A823r
100 1 _aAshcraft, Morris
245 1 0 _aRudolf Bultmann / Morris Ashcraft
_c/
250 _a2
264 1 _aWaco, TX., USA : Word
_bWord Books, Publisher
_c[1972]
264 4 _c©1972
300 _a123 Pag
_c;
336 _atexto
_btxt
_2rdacontent
337 _2rdamedia
_asin mediación
_bn
338 _2rdacarrier
_avolumen
_bnc
650 2 _aPensamiento religioso
_9959
650 7 _aTeología dogmática
_2embne
_96945
_yS.XX
942 _cBK
945 _aJohan1477
999 _c34183
_d34183